000 00282nam a2200109Ia 4500
008 190216s9999||||xx |||||||||||||| ||und||
100 _aAvadhani V A
245 0 _aInvestment And Securities Markets In India
260 _bHimalaya Publishing House
_c2003
300 _a550p
942 _cBK
999 _c6304
_d6304